The Routledge Companion to Mergers and Acquisitions (Record no. 1320396)

MARC details
000 -LEADER
fixed length control field 00605nam a22001937a 4500
003 - CONTROL NUMBER IDENTIFIER
control field OSt
005 - DATE AND TIME OF LATEST TRANSACTION
control field 20250508111253.0
008 - FIXED-LENGTH DATA ELEMENTS--GENERAL INFORMATION
fixed length control field 250508b |||||||| |||| 00| 0 eng d
020 ## - INTERNATIONAL STANDARD BOOK NUMBER
International Standard Book Number 9780415704663
040 ## - CATALOGING SOURCE
Transcribing agency rda
100 ## - MAIN ENTRY--PERSONAL NAME
Personal name Risberg, Annette.,
Relator term Editor
9 (RLIN) 755481
245 ## - TITLE STATEMENT
Title The Routledge Companion to Mergers and Acquisitions
Statement of responsibility, etc. By Annette Risberg, David R. King and Olimpia Meglio
260 ## - PUBLICATION, DISTRIBUTION, ETC.
Place of publication, distribution, etc. New York
Name of publisher, distributor, etc. Routledge
Date of publication, distribution, etc. 2016
300 ## - PHYSICAL DESCRIPTION
Extent xxiii,396P
650 ## - SUBJECT ADDED ENTRY--TOPICAL TERM
Source of heading or term Acquisition
700 ## - ADDED ENTRY--PERSONAL NAME
Personal name King, David R..,
Relator term Editor
9 (RLIN) 755482
700 ## - ADDED ENTRY--PERSONAL NAME
Personal name Meglio, Olimpia.,
Relator term Editor
9 (RLIN) 755483
942 ## - ADDED ENTRY ELEMENTS (KOHA)
Source of classification or shelving scheme Colon Classification (CC)
Koha item type General Books
Edition 1
Suppress in OPAC No
Holdings
Withdrawn status Lost status Source of classification or shelving scheme Damaged status Not for loan Home library Current library Shelving location Date acquired Total Checkouts Full call number Barcode Date last seen Price effective from Koha item type
    Colon Classification (CC)     Faculty of Management Library Faculty of Management Library General Stacks 2020-01-21   XM5:65 Q6 ML1635343 2025-05-08 2025-05-08 General Books
Copyright @ Delhi University Library System